=LDR 00000nam 2200000 4500 =001 000667 =005 20250711020146 =035 ##$$a 0010-0725000535 =007 ta =008 250711################a##########0#ind## =020 ##$$a 978-623-472-061-7 =082 ##$$a 398.209 598 =084 ##$$a 398.209 598 BAL h =100 #$$a Balsavar Deepa =245 1#$$a Hatchiii! /$c Deepa Balsavar =250 ##$$a Cetakan Pertama 2024 =260 ##$$a Jakarta :$b Badan Pengembangan dan Pembinaan Bahasa,$c 2022 =300 ##$$a 28 hlm : $b Ilus. ; $c 22,9 cm =650 #4$$a Cerita Anak Indonesia - Terjemahan-Inggris =650 #4$$a Literasi- Bahan Bacaan =990 ##$$a TBM04420442